| 000 | 00445nam a22001217a 4500 | ||
|---|---|---|---|
| 999 |
_c10174 _d10174 |
||
| 003 | OSt | ||
| 008 | 201218b ||||| |||| 00| 0 eng d | ||
| 245 | _aThe IUP Journal of Telecommunications | ||
| 250 | _a2017(Feb Vol.9 No.1, May Vol.9 No.2, Aug Vol.9 No.3, Nov Vol.9 No.4) 2018(May Vol.10 No.2, Aug Vol.10 No.3, Nov Vol.10 No.4) | ||
| 260 |
_aHyderabad _bIUP Publications |
||
| 650 | _aElectronics and Communication Engineering | ||
| 942 |
_2ddc _cBV |
||